000 00455pam a2200157a 44500
008 230515b2013 xxu||||| |||| 00| 0 eng d
020 _aNULL
041 _aENGLISH
082 _a1
100 _aYUVARAJ B. GODSE
245 _aCLINICAL STUDY OF KARPASA MOOLAASAVA ON GARBHASHAYA RHASA IN SUTIKAVASTHA.
250 _a1
260 _a
_bN.D.
_c2013
300 _a500
650 _aCLINICAL STUDY OF KARPASA MOOLAASAVA ON GARBHASHAYA RHASA IN SUTIKAVASTHA.
999 _c498565
_d498565